[Event "2nd League CS-East 2011"]
[Site ""]
[Date "2011.10.13"]
[Round "6.67"]
[White "Jenic, Aleksandar"]
[Black "Tonic, Milos"]
[Result "1/2-1/2"]
[WhiteElo "1888"]
[BlackElo "1974"]
[PlyCount "0"]
[EventDate "2011.09.11"]

1.d4 Nf6 2.c4 c5 3.d5 b5 4.cxb5 a6 5.bxa6 g6 6.Nf3 Bxa6 7.g3
Bg7 8.Bg2 d6 9.O-O O-O 10.Nc3 Nbd7 11.Re1 Qa5 12.e4 Ng4 13.Bd2
Nge5 14.Nxe5 Nxe5 15.Nb1 Qb6 16.Bc3 Rfb8 17.Bf1 c4 18.Nd2 Nd3
19.Bxd3 cxd3 20.Bxg7 Kxg7 21.b3 Rc8 22.Rc1 Qd4 23.Nf3 Qb2 24.Qd2
Rc2 25.Rxc2 dxc2 26.Rc1 Bd3 27.Ne1 Bxe4 28.f3 Bxd5 29.Rxc2 Qe5
30.Kf2 e6 31.Nd3 Qd4+ 32.Qe3 Qa1 33.Nb4 Qh1 34.Qc3+ Kg8 35.Nxd5
exd5 36.Ke3 Qg1+ 37.Kf4 Re8 38.Qd3 Re5 39.h4 Rf5+ 40.Kg4 d4 41.b4
h5+ 42.Kh3 Qe1 43.Qxd4 Qh1+ 44.Rh2 Qf1+ 1/2-1/2